000 00572nam a2200253Ia 4500
003 OSt
005 20220912152406.0
006 a|||||r|||| 00| 0
007 ta
008 220909b |||||||| |||| 00| 0 eng d
024 _a49596
037 _cTextual
040 _aCSL
_beng
_cCSL
041 _aeng
082 _aI:5, L5;M0
100 _aLarcher W
245 0 _aPhysiologicakl plant ecology
250 _a2
260 _c1980
300 _ap.
_ccm.
650 _aBiology
942 _hI:5, L5;M0
_cTEXL
_2CC
999 _c85102
_d85102